=LDR 00000nam 2200000 4500 =001 INLIS000000000023594 =005 20170515123207 =035 ##$$a 0010-061300000023594 =008 170515###########################0###### =041 ##$$a Ind =082 ##$$a F.Rom.K =090 ##$$a F.Rom.K, Jid s =100 ##$$a Jidehem =245 1#$$a Sophie yang kocak, Rayap pemakan mobil, Jidehen =260 ##$$a 1987 :$b Jakarta =300 ##$$a 54 hlm, ilus, 24 cm =650 ##$$a Cerita Humoris =850 ##$$a NBPNMAT =084 ##$$a F.Rom.K JID s =990 ##$$a 84318431 =990 ##$$a 01201708431